000 00814cam a22002413a 4500
001 12763
003 PGUSA
005 20140828083256.0
008 040628s2004||||xxu|||||s|||||000 | eng d
040 _aPGUSA
_beng
042 _adc
050 4 _aPS
100 1 _aHurst, Fannie,
_d1889-1968
245 1 0 _aEvery Soul Hath Its Song
_h[electronic resource] /
_cFannie Hurst
260 _bProject Gutenberg,
_c2004
505 0 _aSea gullibles -- Rolling stock -- Hochenheimer of Cincinnati -- In memoriam -- The Nth commandment -- T.B. -- Summer resources -- Sob sister -- The name and the game.
506 _aPublic domain in the USA.
516 _aElectronic text
653 _aShort stories, American
830 0 _aProject Gutenberg
_v12763
856 4 0 _uhttp://www.gutenberg.org/ebooks/12763
942 _cEB
999 _c242018
_d242018